书目信息 |
| 题名: |
花仙子传奇
|
|
| 作者: | 周嫦 著 ;徐辉 , 杨恺远 配图 | |
| 分册: | ||
| 出版信息: | 杭州 浙江大学出版社 2009.04 |
|
| 页数: | 210页 | |
| 开本: | 23cm | |
| 丛书名: | ||
| 单 册: | ||
| 中图分类: | S86-49 | |
| 科图分类: | ||
| 主题词: | 花卉--hua hui--青少年读物 | |
| 电子资源: | ||
| ISBN: | 978-7-308-06288-6 | |
| 000 | 00926nam0 2200265 450 | |
| 001 | 012009537744 | |
| 005 | 20090918172313.85 | |
| 010 | @a978-7-308-06288-6@dCNY38.00 | |
| 100 | @a20090918d2009 em y0chiy0120 ea | |
| 101 | 0 | @achi |
| 102 | @aCN@b330000 | |
| 105 | @aa z 000yy | |
| 106 | @ar | |
| 200 | 1 | @a花仙子传奇@Ahua xian zi chuan qi@e科学家讲故事@f周嫦著@Fzhou chang zhu@g徐辉, 杨恺远配图@Gxu hui,yang kai yuan pei tu |
| 210 | @a杭州@c浙江大学出版社@d2009.04 | |
| 215 | @a210页@c图@d23cm | |
| 330 | @a本书主要内容包括:花仙子的故事,挑战花仙子,童年趣事,过年啦,要读诗书,爱笑的女孩,这样喜欢花,还是不够的。 | |
| 517 | 1 | @a科学家讲故事@Ake xue jia jiang gu shi |
| 606 | 0 | @a花卉@Ahua hui@j青少年读物 |
| 690 | @aS86-49@v4 | |
| 701 | 0 | @a周嫦@Azhou chang@4著 |
| 702 | 0 | @a徐辉@Axu hui@4配图 |
| 702 | 0 | @a杨恺远@Ayang kai yuan@4配图 |
| 801 | 0 | @aCN@bQSSK@c20090918 |
| 905 | @b756216-18@dS86-49@eZ752@f3 | |
| 花仙子传奇:科学家讲故事/周嫦著/徐辉, 杨恺远配图.-杭州:浙江大学出版社,2009.04 |
| 210页:图;23cm |
| ISBN 978-7-308-06288-6:CNY38.00 |
| 本书主要内容包括:花仙子的故事,挑战花仙子,童年趣事,过年啦,要读诗书,爱笑的女孩,这样喜欢花,还是不够的。 |
| ● |
| 相关链接 |
|
|
|
正题名:花仙子传奇
索取号:S86-49/Z752
 
预约/预借
| 序号 | 登录号 | 条形码 | 馆藏地/架位号 | 状态 | 备注 |
| 1 | 756216 | 207562163 | 自科库401/401自科库 2排2列3层/ [索取号:S86-49/Z752] | 在馆 | |
| 2 | 756217 | 207562172 | 自科库401/401自科库 2排2列3层/ [索取号:S86-49/Z752] | 在馆 | |
| 3 | 756218 | 207562181 | 自科库401/401自科库 2排2列3层/ [索取号:S86-49/Z752] | 在馆 |